| 000 | 00588nam a2200181 a 4500 | ||
|---|---|---|---|
| 001 | 000030949 | ||
| 003 | DO-SdBNP | ||
| 005 | 20250116073945.0 | ||
| 008 | 110608s1971 dr 000 0 spa d | ||
| 040 |
_aDO-SdBNP _bspa _cBNPHU |
||
| 049 | _aBNPD | ||
| 082 |
_axxxx _bR426 |
||
| 110 | 1 |
_aRepública Dominicana. _bSecretaría de Estado de Educación, Bellas Artes y Cultos _923965 |
|
| 245 | 1 | 0 | _aCarreras de medio fondo. |
| 260 |
_a[Santo Domingo] : _bSecretaría de Estado de Educación, Bellas Artes y Cultos, _c[1971]. |
||
| 500 | _aCarreras de medio fondo no. 4 | ||
| 942 |
_2ddc _cLBS1 |
||
| 999 |
_c30441 _d30441 |
||